MDQL
is popping MORE tags! Check the
thread
!
Quizzes
Events
Quiz Creation
Community
Videos
Private Events
Remove Ads
Sign In
Join for FREE
Feedback
Dark Mode
Quiz Categories
Sports
Geography
Music
Movies
Television
Just For Fun
Miscellaneous
History
Literature
Language
Science
Gaming
Entertainment
Religion
Holiday
For Kids
Quiz Lab
Recent
Popular Today
Quiz Kudos Today
Editor Picks
Curator Picks
Quizzes by...
Day
Popularity
Type
Ratings
Length
Year
Community
Subscriptions
Recent Discussions
Orange Saloon
Badges
Playlists
Quests
Create
Leaderboards
Showdown
Live 5
Trivia Bingo
Activity
Puzzle Library
Sporcle Events
Private Events
Virtual Trivia
Globe League
Become a Host
Pub Owners
SporcleCon
Opinionation
Our Games
Videos
Blog
Mobile Apps
Partnerships
Remove Ads and Go Orange
Feedback
Miscellaneous
Crossword
General Knowledge
Baby Names
Logo
Food
Cars
Numbers
Grab Bag
University
College
Popular
Company
Slogans
Restaurants
Justice
Letter
Miscellaneous
Crossword
General Knowledge
Baby Names
Logo
Food
Cars
Numbers
Grab Bag
University
College
Popular
Company
Slogans
Restaurants
Justice
Letter
Random Quiz
Search Sporcle
×
Featured
Featured
Miscellaneous
Biography
Type answers based on single images at one time
Type answers based on single images at one time
Slideshow
Best Score? Go Orange.
Courtroom Sketches Stats
Can you answer the questions about the trials featured in these courtroom sketches?
By
Propellerhead
7m
20 Questions
22.5K Plays
22,459 Plays
22,459 Plays
Comments
Comments
Give Quiz Kudos
Give Quiz Kudos
-
- Ratings
hide this ad
Replay
Link that replays current quiz
Next Quiz
Link to next quiz in quiz playlist
You Got
0%
They Got
Avg Score
54%
Avg Friend Score
Upgrade to see
Score Distribution
Jump to the score distribution portion of the page
Score
0/20
Timer
07:00
0
Plays Today
% Correct
Charles Manson
92%
Boston Marathon
86.4%
Martin Luther King, Jr.
84.2%
Woody Allen & Mia Farrow
82.2%
Unabomber
79.7%
O. J. Simpson
77.7%
John Lennon
75.6%
El Chapo
53.3%
Sirhan Sirhan
51.3%
Larry Flynt
49.3%
% Correct
Patricia Hearst
48.4%
John DeLorean
48.4%
Bernie Madoff
47%
Timothy McVeigh
42.8%
John Gotti
42%
John Hinckley Jr.
32.1%
Hermann Göring
27.8%
Ariel Sharon
26.5%
David Berkowitz
24.3%
Bobby Seale
10.7%
Quiz Playlist
Details
Report
Send in Message
Add To Playlist
Slideshow:
Type answers based on single images at one time
Last Updated: Mar 3, 2019
Featured
Editor Pick in
Miscellaneous
Quiz Scoreboard
CHALLENGE
Sign Up to Join the Scoreboard
Show All
Scores
Hide
Comments
May contain spoilers
Recently Published
5x2 Blitz: Bands
by SL_Kpop136
Music
30s
Colored Red Africa Blitz
by spor1
Geography
30s
Find the 'City' Movie
by crazypaving
Movies
60s
More to Explore
Quiz From the Vault
Featured Blog Post
14 Easter Pick-up Lines to Find Eggs With
hide this ad
You Might Also Like...
Tags
Art Quiz
Biography Quiz
Justice Quiz
Convicted
court
Court Cases
crime
criminal
Law
Law Cases
sketch
trial
Today's Top Quizzes in Miscellaneous
Browse Miscellaneous
hide this ad
Today's Top Quizzes in Biography
Browse Biography
Top Contributed Quizzes in Miscellaneous
1
5-to-1: Fast Food
2
9x9 Crossword: Disney Movie Titles
3
9x9 Crossword: Charlie and the Chocolate Factory
4
9x9 Crossword: Halloween
5
The JOE quick-fire general knowledge quiz: Day 174
6
Picture Click Blitz: Airline Logos
7
9x9 Crossword: 2022 Movies
8
9x9 Crossword: Toy Story
9
9x9 Crossword: The Simpsons
10
random perfect cubes 1-30
Explore More
Trending Topics
NBA
Anime
Crossword
Harry Potter
Disney
Kpop
Marvel
Puzzle
The Office
Song
NFL
WWE
Soccer
Country
Pokémon
hide this ad
More By:
Propellerhead
Quiz
Plays
Rating
Category
Featured
Created
MLB MVPs: Last Five by Position
173,191
4.75
Sports
Aug 14, 2011
'Santa Claus Is Coming to Town' Lyrics
86,352
4.74
Holiday
Nov 20, 2016
One-Word Movies (2010s)
81,028
4.74
Movies
Jul 11, 2021
Full Name Films
78,070
4.71
Movies
Apr 1, 2021
One-Word Movies (1990s)
74,295
4.67
Movies
Jul 24, 2021
Go to Creator's Profile
Score Distribution
Quiz Creator Spotlight
Propellerhead
Follow
Send a Message
Quizzes Created
-
Created Quiz Play Count
-
More By This Creator
Popular Quizzes Today
1
5x2 Blitz: Bands
2
Find the 'City' Movie
3
Find the US States - No Outlines Minefield
4
Colored Red Africa Blitz
5
The Countries of the World
6
Find the US States
7
Risky Map Clicking: Biggest States A-Z
8
9x9 Crossword: Cartoon Network
More Miscellaneous Quizzes
Donald Duck's Family Tree
Published
Trending Quizzes
Colored Red Africa Blitz II
Colored Red Europe Blitz I
Find the 'Dark' Movie
Find the 'Day' Movie
Find the 'Good' Movie
Recently Updated
Champions League XIs: Real Madrid
pecheneg
Largest US Cities 1790-2010
pecheneg
Rides in Walt Disney World
pecheneg
Most Oscar Losses (Acting)
pecheneg
Beyoncé Albums
pecheneg
Leaping Animals
pecheneg
Reality TV Shows (A-Z)
bhenderson79
Rickey Henderson's Hall of Fame Teammates
pecheneg
Champions League XIs: Arsenal
pecheneg
Quick Pick: Celebrities in WWE's Hall of Fame
aduchscher
Trending Topics
Kpop
Anime
NBA
Disney
Harry Potter
Crossword
Marvel
Soccer
Pokémon
WWE
Puzzle
Country
Song
NFL
The Office
Your Account Isn't Verified!
In order to create a playlist on Sporcle, you need to verify the email address you used during registration. Go to your
Sporcle Settings
to finish the process.
Report this User
Report this user for behavior that violates our
Community Guidelines
.
Details:
Send Report
Go to the Sporcle.com Mobile Site →
Comments